A. WESLEY POWELL LEARNING RESOURCE CENTRE (WPLRC)

Wonderful Place to Learn, Research & Collaborate

Introduction to mass communication (Record no. 13458)

MARC details
000 -LEADER
fixed length control field nam a22 7a 4500
003 - CONTROL NUMBER IDENTIFIER
control field OSt
005 - DATE AND TIME OF LATEST TRANSACTION
control field 20190603113030.0
008 - FIXED-LENGTH DATA ELEMENTS--GENERAL INFORMATION
fixed length control field 190603b xxu||||| |||| 00| 0 eng d
020 ## - INTERNATIONAL STANDARD BOOK NUMBER
International Standard Book Number 0072998377
040 ## - CATALOGING SOURCE
Transcribing agency WPLRC
082 ## - DEWEY DECIMAL CLASSIFICATION NUMBER
Classification number 302.23
245 ## - TITLE STATEMENT
Title Introduction to mass communication
Remainder of title media literacy and culture
Statement of responsibility, etc. Stanley J. Baran
250 ## - EDITION STATEMENT
Edition statement 3rd
260 ## - PUBLICATION, DISTRIBUTION, ETC. (IMPRINT)
Place of publication, distribution, etc. Boston
Name of publisher, distributor, etc. McGraw Hill
Date of publication, distribution, etc. 2004
300 ## - PHYSICAL DESCRIPTION
Extent xxxvi,529p.:ill;
Dimensions 25cm
504 ## - BIBLIOGRAPHY, ETC. NOTE
Bibliography, etc Includes bibliographical references and index
600 ## - SUBJECT ADDED ENTRY--PERSONAL NAME
Source of heading or term MASS MEDIA
610 ## - SUBJECT ADDED ENTRY--CORPORATE NAME
Source of heading or term MASS MEDIA AND CULTURE
648 ## - SUBJECT ADDED ENTRY--CHRONOLOGICAL TERM
Source of heading or term MEDIA LITERACY
942 ## - ADDED ENTRY ELEMENTS (KOHA)
Source of classification or shelving scheme Dewey Decimal Classification
Koha item type Circ Books
Holdings
Withdrawn status Lost status Source of classification or shelving scheme Damaged status Not for loan Home library Current library Date acquired Total Checkouts Full call number Barcode Date last seen Price effective from Koha item type
    Dewey Decimal Classification     Wesley Powell Learning Resource Centre Wesley Powell Learning Resource Centre 06/03/2019   302.23/BAR 47336 06/03/2019 06/03/2019 Circ Books